000 00769cam a22002652 4500
001 0000001718
003 OSt
005 20230123151157.0
008 070322s xx 000 0 eng d
020 _a1292265191
040 _aKABU
_cKABU
050 0 _aHD31
_b.C47 2019
100 1 _aCerto, Samuel C.
245 1 0 _aModern management :
_bConcepts and skills /
_cSamuel C. Certo.
250 _a15th ed.
260 _aUpper Saddle River, N.J. :
_bPrentice Hall,
_c2019
300 _a573p.
504 _aIncludes bibliographical references (p. 561-578) and indexes.
650 0 _aManagement.
650 0 _aIndustrial management.
700 _aCerto, S. Trevis
908 _a070322
942 _2lcc
_cBK
999 _c19855
_d19854